000 00693nam a2200217 u 4500
005 20220915064207.0
008 130910s1983 r 000 0 eng d
020 _a9788434811638
035 _aUPN01000192765
049 _aCG
050 4 _aPT9875 G6.5
_bE6.3
100 1 _aGripe, María,
_d1923-2007
_935037
245 1 4 _aLos escarabajos vuelan al atardecer /
_cMaría Gripe ; tr. La Ruiz Corbella.
260 _aMadrid :
_bSM,
_c1983.
440 0 _aGran angular ;
_v31
534 _pTítulo original:
_tTordyveln flyger i skymningen
650 0 _aAventuras y aventureros
_94121
650 0 _aAmistad
_vNovela
_98175
650 4 _aNATURALEZA -
_vLITERATURA JUVENIL
_912223
905 _aLibro
999 _c164867
_d164867